[Event "New Zealand Championship 2023"]
[Site "Wellington"]
[Date "2023.01.06"]
[Round "5.7"]
[White "Tang, Hao"]
[Black "Winter, Ryan"]
[Result "1/2-1/2"]
[WhiteElo "2133"]
[BlackElo "2209"]

1. d4 {[%clk 01:30:57] [%emt 00:00:02]} 1... Nf6 {[%clk 01:30:50] [%emt
00:00:10]} 2. c4 {[%clk 01:31:21] [%emt 00:00:07]} 2... e6 {[%clk 01:31:09]
[%emt 00:00:11]} 3. Nf3 {[%clk 01:31:43] [%emt 00:00:08]} 3... d5 {[%clk
01:31:19] [%emt 00:00:20]} 4. Nc3 {[%clk 01:32:06] [%emt 00:00:07]} 4... Bb4
{[%clk 01:31:30] [%emt 00:00:19]} 5. cxd5 {[%clk 01:32:28] [%emt 00:00:08]}
5... exd5 {[%clk 01:31:55] [%emt 00:00:05]} 6. Qa4+ {[%clk 01:32:54] [%emt
00:00:05]} 6... Nc6 {[%clk 01:32:21] [%emt 00:00:04]} 7. Bg5 {[%clk 01:33:18]
[%emt 00:00:05]} 7... Qd6 {[%clk 01:24:39] [%emt 00:08:12]} 8. Bxf6 {[%clk
01:33:06] [%emt 00:00:42]} 8... Qxf6 {[%clk 01:24:44] [%emt 00:00:25]} 9. e3
{[%clk 01:33:29] [%emt 00:00:06]} 9... O-O {[%clk 01:17:07] [%emt 00:08:08]}
10. Be2 {[%clk 01:33:48] [%emt 00:00:09]} 10... Be6 {[%clk 01:11:48] [%emt
00:05:50]} 11. O-O {[%clk 01:33:46] [%emt 00:00:32]} 11... a6 {[%clk 01:08:47]
[%emt 00:03:32]} 12. Rfc1 {[%clk 01:33:36] [%emt 00:00:38]} 12... Bd6 {[%clk
01:05:24] [%emt 00:03:54]} 13. a3 {[%clk 01:33:00] [%emt 00:01:06]} 13... Qd8
{[%clk 00:59:28] [%emt 00:06:27]} 14. b4 {[%clk 01:30:12] [%emt 00:03:17]}
14... Ne7 {[%clk 00:59:17] [%emt 00:00:41]} 15. Qd1 {[%clk 01:29:28] [%emt
00:01:13]} 15... c6 {[%clk 00:58:42] [%emt 00:01:06]} 16. Na4 {[%clk 01:29:06]
[%emt 00:00:52]} 16... h6 {[%clk 00:48:52] [%emt 00:10:20]} 17. Nc5 {[%clk
01:28:46] [%emt 00:00:49]} 17... Bc8 {[%clk 00:48:18] [%emt 00:01:05]} 18. h3
{[%clk 01:26:53] [%emt 00:02:14]} 18... Ng6 {[%clk 00:47:12] [%emt 00:01:45]}
19. Rab1 {[%clk 01:22:26] [%emt 00:04:56]} 19... Qe7 {[%clk 00:42:53] [%emt
00:04:50]} 20. a4 {[%clk 01:21:29] [%emt 00:01:27]} 20... f5 {[%clk 00:40:49]
[%emt 00:02:34]} 21. Qb3 {[%clk 01:18:44] [%emt 00:03:15]} 21... Kh8 {[%clk
00:40:01] [%emt 00:01:18]} 22. Re1 {[%clk 01:12:52] [%emt 00:06:20]} 22... b5
{[%clk 00:37:28] [%emt 00:03:05]} 23. Rbc1 {[%clk 01:10:59] [%emt 00:02:21]}
23... Qf6 {[%clk 00:36:19] [%emt 00:01:40]} 24. Bd3 {[%clk 01:02:42] [%emt
00:08:48]} 24... Ne7 {[%clk 00:33:51] [%emt 00:02:58]} 25. Qa2 {[%clk 00:49:09]
[%emt 00:14:02]} 25... Rb8 {[%clk 00:32:39] [%emt 00:01:43]} 26. axb5 {[%clk
00:35:46] [%emt 00:13:53]} 26... axb5 {[%clk 00:31:52] [%emt 00:01:17]} 27. Bf1
{[%clk 00:31:42] [%emt 00:04:33]} 27... f4 {[%clk 00:25:58] [%emt 00:06:25]}
28. exf4 {[%clk 00:29:10] [%emt 00:03:03]} 28... Bxf4 {[%clk 00:25:11] [%emt
00:01:16]} 29. Rc2 {[%clk 00:29:09] [%emt 00:00:29]} 29... Nf5 {[%clk 00:23:02]
[%emt 00:02:41]} 30. Qb2 {[%clk 00:29:04] [%emt 00:00:32]} 30... Rd8 {[%clk
00:11:44] [%emt 00:11:51]} 31. Nd3 {[%clk 00:26:01] [%emt 00:03:32]} 31... Bc7
{[%clk 00:11:02] [%emt 00:01:13]} 32. Nfe5 {[%clk 00:22:47] [%emt 00:03:46]}
32... Bxe5 {[%clk 00:09:18] [%emt 00:02:13]} 33. Nxe5 {[%clk 00:22:30] [%emt
00:00:47]} 33... Bb7 {[%clk 00:09:04] [%emt 00:00:44]} 34. Bd3 {[%clk 00:20:36]
[%emt 00:02:21]} 34... Nd6 {[%clk 00:08:39] [%emt 00:00:58]} 35. Nxc6 {[%clk
00:17:24] [%emt 00:03:42]} 35... Bxc6 {[%clk 00:08:30] [%emt 00:00:39]} 36.
Rxc6 {[%clk 00:17:30] [%emt 00:00:23]} 36... Nc4 {[%clk 00:06:54] [%emt
00:02:06]} 37. Rxf6 {[%clk 00:16:07] [%emt 00:01:54]} 37... Nxb2 {[%clk
00:07:19] [%emt 00:00:05]} 38. Rf3 {[%clk 00:16:30] [%emt 00:00:06]} 38... Nxd3
{[%clk 00:07:23] [%emt 00:00:28]} 39. Rxd3 {[%clk 00:16:46] [%emt 00:00:13]}
39... Rbc8 {[%clk 00:07:35] [%emt 00:00:18]} 1/2-1/2

[Event "New Zealand Championship 2023"]
[Site "Wellington"]
[Date "2023.01.06"]
[Round "5.8"]
[White "Zhang, Jasmine Haomo"]
[Black "Langford, Joshua"]
[Result "0-1"]
[WhiteElo "2117"]
[BlackElo "2163"]

1. d4 {[%clk 01:30:56] [%emt 00:00:02]} 1... d5 {[%clk 01:30:37] [%emt
00:00:24]} 2. Bf4 {[%clk 01:31:14] [%emt 00:00:12]} 2... Nf6 {[%clk 01:30:56]
[%emt 00:00:11]} 3. e3 {[%clk 01:31:38] [%emt 00:00:05]} 3... e6 {[%clk
01:31:04] [%emt 00:00:23]} 4. Nf3 {[%clk 01:31:08] [%emt 00:01:00]} 4... Bd6
{[%clk 01:31:27] [%emt 00:00:08]} 5. Bg3 {[%clk 01:31:34] [%emt 00:00:04]} 5...
O-O {[%clk 01:31:42] [%emt 00:00:15]} 6. Nbd2 {[%clk 01:31:40] [%emt 00:00:24]}
6... c5 {[%clk 01:31:59] [%emt 00:00:13]} 7. c3 {[%clk 01:32:07] [%emt
00:00:03]} 7... Qc7 {[%clk 01:31:51] [%emt 00:00:38]} 8. Ne5 {[%clk 01:30:48]
[%emt 00:01:48]} 8... Nc6 {[%clk 01:30:48] [%emt 00:01:33]} 9. f4 {[%clk
01:30:29] [%emt 00:00:49]} 9... Ne7 {[%clk 01:30:37] [%emt 00:00:42]} 10. Bd3
{[%clk 01:29:53] [%emt 00:01:06]} 10... Nf5 {[%clk 01:29:29] [%emt 00:01:38]}
11. Bf2 {[%clk 01:25:30] [%emt 00:04:52]} 11... Be7 {[%clk 01:28:39] [%emt
00:01:19]} 12. g4 {[%clk 01:23:03] [%emt 00:02:57]} 12... Nd6 {[%clk 01:28:47]
[%emt 00:00:23]} 13. Rg1 {[%clk 01:17:13] [%emt 00:06:19]} 13... Nfe4 {[%clk
01:26:32] [%emt 00:02:46]} 14. g5 {[%clk 01:14:15] [%emt 00:03:28]} 14... b5
{[%clk 01:22:05] [%emt 00:04:57]} 15. Qh5 {[%clk 01:08:54] [%emt 00:05:51]}
15... Bb7 {[%clk 01:10:29] [%emt 00:12:07]} 16. Ng4 {[%clk 00:50:09] [%emt
00:19:14]} 16... g6 {[%clk 00:53:58] [%emt 00:17:01]} 17. Qh3 {[%clk 00:45:34]
[%emt 00:05:04]} 17... b4 {[%clk 00:49:19] [%emt 00:05:11]} 18. Nh6+ {[%clk
00:37:10] [%emt 00:08:53]} 18... Kg7 {[%clk 00:49:08] [%emt 00:00:41]} 19. Bxe4
{[%clk 00:29:49] [%emt 00:07:52]} 19... dxe4 {[%clk 00:46:44] [%emt 00:02:54]}
20. c4 {[%clk 00:27:43] [%emt 00:02:36]} 20... cxd4 {[%clk 00:41:51] [%emt
00:05:24]} 21. exd4 {[%clk 00:27:55] [%emt 00:00:18]} 21... Nf5 {[%clk
00:33:28] [%emt 00:08:53]} 22. Nxf5+ {[%clk 00:24:11] [%emt 00:04:15]} 22...
exf5 {[%clk 00:33:52] [%emt 00:00:06]} 23. Be3 {[%clk 00:20:41] [%emt
00:04:00]} 23... f6 {[%clk 00:23:19] [%emt 00:11:02]} 24. Qh6+ {[%clk 00:18:44]
[%emt 00:02:27]} 24... Kg8 {[%clk 00:23:39] [%emt 00:00:10]} 25. h4 {[%clk
00:19:07] [%emt 00:00:07]} 25... fxg5 {[%clk 00:18:39] [%emt 00:05:31]} 26.
hxg5 {[%clk 00:19:32] [%emt 00:00:05]} 26... Rf7 {[%clk 00:18:36] [%emt
00:00:32]} 27. Rh1 {[%clk 00:17:57] [%emt 00:02:05]} 27... Bf8 {[%clk 00:17:33]
[%emt 00:01:33]} 28. Qh3 {[%clk 00:16:05] [%emt 00:02:22]} 28... a5 {[%clk
00:16:29] [%emt 00:01:35]} 29. Kf2 {[%clk 00:14:30] [%emt 00:02:05]} 29... Rd8
{[%clk 00:12:46] [%emt 00:04:13]} 30. d5 {[%clk 00:13:32] [%emt 00:01:28]}
30... Rfd7 {[%clk 00:10:18] [%emt 00:02:57]} 31. Rac1 {[%clk 00:12:11] [%emt
00:01:52]} 31... Ba6 {[%clk 00:08:38] [%emt 00:02:11]} 32. b3 {[%clk 00:11:20]
[%emt 00:01:20]} 32... Rf7 {[%clk 00:08:07] [%emt 00:01:00]} 33. Nf1 {[%clk
00:10:42] [%emt 00:01:08]} 33... Bc5 {[%clk 00:07:45] [%emt 00:00:53]} 34. Qg3
{[%clk 00:10:48] [%emt 00:00:24]} 34... Bf8 {[%clk 00:06:53] [%emt 00:01:22]}
35. Qh2 {[%clk 00:09:47] [%emt 00:01:31]} 35... Bc5 {[%clk 00:06:54] [%emt
00:00:30]} 36. Bxc5 {[%clk 00:06:53] [%emt 00:03:24]} 36... Qxc5+ {[%clk
00:07:23] [%emt 00:00:01]} 37. Ne3 {[%clk 00:07:15] [%emt 00:00:07]} 37... Ra8
{[%clk 00:05:56] [%emt 00:01:58]} 38. Qg1 {[%clk 00:07:15] [%emt 00:00:29]}
38... Bc8 {[%clk 00:05:09] [%emt 00:01:18]} 39. Kg3 {[%clk 00:06:03] [%emt
00:01:42]} 39... a4 {[%clk 00:04:49] [%emt 00:00:50]} 40. bxa4 {[%clk 00:32:41]
[%emt 00:03:51]} 40... Rxa4 {[%clk 00:34:57] [%emt 00:00:22]} 41. Rh2 {[%clk
00:32:02] [%emt 00:01:09]} 41... Ra3 {[%clk 00:33:17] [%emt 00:02:11]} 42. Re2
{[%clk 00:31:07] [%emt 00:01:25]} 42... Rfa7 {[%clk 00:31:30] [%emt 00:02:17]}
43. Rcc2 {[%clk 00:30:36] [%emt 00:01:01]} 43... Rd3 {[%clk 00:29:40] [%emt
00:02:20]} 44. Qc1 {[%clk 00:25:36] [%emt 00:05:30]} 44... Raa3 {[%clk
00:26:43] [%emt 00:03:26]} 45. Kf2 {[%clk 00:25:54] [%emt 00:00:12]} 45... Bd7
{[%clk 00:18:43] [%emt 00:08:31]} 46. Re1 {[%clk 00:24:49] [%emt 00:01:35]}
46... Ba4 {[%clk 00:18:23] [%emt 00:00:50]} 47. Rce2 {[%clk 00:25:13] [%emt
00:00:05]} 47... Rac3 {[%clk 00:18:28] [%emt 00:00:26]} 48. Qb2 {[%clk
00:25:27] [%emt 00:00:15]} 48... Bd1 {[%clk 00:17:51] [%emt 00:01:07]} 49. Rxd1
{[%clk 00:25:22] [%emt 00:00:35]} 49... Rxd1 {[%clk 00:17:51] [%emt 00:00:30]}
50. a3 {[%clk 00:25:13] [%emt 00:00:39]} 50... Rxe3 {[%clk 00:04:37] [%emt
00:13:44]} 51. Rxe3 {[%clk 00:25:13] [%emt 00:00:30]} 51... Rd3 {[%clk
00:04:57] [%emt 00:00:10]} 52. Qe2 {[%clk 00:24:53] [%emt 00:00:49]} 52... bxa3
{[%clk 00:04:53] [%emt 00:00:35]} 53. d6 {[%clk 00:24:49] [%emt 00:00:34]}
53... Kf7 {[%clk 00:03:47] [%emt 00:01:36]} 0-1

[Event "New Zealand Championship 2023"]
[Site "Wellington"]
[Date "2023.01.06"]
[Round "5.9"]
[White "Zhu, David Junyang"]
[Black "Sole, Michael D"]
[Result "1/2-1/2"]
[WhiteElo "1740"]
[BlackElo "2142"]

1. d4 {[%clk 01:30:56] [%emt 00:00:03]} 1... Nf6 {[%clk 01:30:52] [%emt
00:00:10]} 2. c4 {[%clk 01:31:18] [%emt 00:00:07]} 2... e6 {[%clk 01:31:13]
[%emt 00:00:09]} 3. g3 {[%clk 01:31:43] [%emt 00:00:04]} 3... d5 {[%clk
01:31:06] [%emt 00:00:38]} 4. Bg2 {[%clk 01:31:52] [%emt 00:00:20]} 4... dxc4
{[%clk 01:30:17] [%emt 00:01:20]} 5. Nf3 {[%clk 01:32:02] [%emt 00:00:20]} 5...
Bb4+ {[%clk 01:30:05] [%emt 00:00:43]} 6. Bd2 {[%clk 01:32:08] [%emt 00:00:23]}
6... a5 {[%clk 01:29:59] [%emt 00:00:36]} 7. a3 {[%clk 01:32:17] [%emt
00:00:21]} 7... Bxd2+ {[%clk 01:29:41] [%emt 00:00:49]} 8. Qxd2 {[%clk
01:32:33] [%emt 00:00:13]} 8... Bd7 {[%clk 01:28:56] [%emt 00:01:15]} 9. Nc3
{[%clk 01:31:01] [%emt 00:02:02]} 9... Bc6 {[%clk 01:25:42] [%emt 00:03:45]}
10. O-O {[%clk 01:29:10] [%emt 00:02:21]} 10... O-O {[%clk 01:21:15] [%emt
00:04:57]} 11. Ne5 {[%clk 01:26:55] [%emt 00:02:45]} 11... Bxg2 {[%clk
01:19:22] [%emt 00:02:22]} 12. Kxg2 {[%clk 01:26:25] [%emt 00:01:00]} 12... Nc6
{[%clk 01:08:13] [%emt 00:11:41]} 13. Nxc6 {[%clk 01:24:46] [%emt 00:02:09]}
13... bxc6 {[%clk 01:07:49] [%emt 00:00:54]} 14. Rfd1 {[%clk 01:23:09] [%emt
00:02:07]} 14... Nd5 {[%clk 01:06:01] [%emt 00:02:18]} 15. Ne4 {[%clk 01:22:18]
[%emt 00:01:20]} 15... Nb6 {[%clk 01:04:37] [%emt 00:01:55]} 16. Nc5 {[%clk
01:20:34] [%emt 00:02:14]} 16... Qe7 {[%clk 00:58:47] [%emt 00:06:20]} 17. Qf4
{[%clk 01:15:06] [%emt 00:05:57]} 17... Rfd8 {[%clk 00:51:54] [%emt 00:07:23]}
18. Rac1 {[%clk 01:12:11] [%emt 00:03:25]} 18... Rd5 {[%clk 00:47:33] [%emt
00:04:52]} 19. Qf3 {[%clk 01:01:42] [%emt 00:11:00]} 19... e5 {[%clk 00:45:29]
[%emt 00:02:34]} 20. e3 {[%clk 01:00:33] [%emt 00:01:39]} 20... exd4 {[%clk
00:42:47] [%emt 00:03:12]} 21. exd4 {[%clk 01:00:50] [%emt 00:00:13]} 21... Qf6
{[%clk 00:38:02] [%emt 00:05:14]} 22. Qxf6 {[%clk 00:59:18] [%emt 00:02:03]}
22... gxf6 {[%clk 00:38:28] [%emt 00:00:03]} 23. Rc2 {[%clk 00:57:34] [%emt
00:02:14]} 23... Rad8 {[%clk 00:35:42] [%emt 00:03:16]} 24. Nb7 {[%clk
00:53:44] [%emt 00:04:21]} 24... Rb8 {[%clk 00:35:35] [%emt 00:00:36]} 25. Nc5
{[%clk 00:53:55] [%emt 00:00:19]} 25... Rbd8 {[%clk 00:35:26] [%emt 00:00:38]}
26. Nb7 {[%clk 00:51:19] [%emt 00:03:07]} 26... Re8 {[%clk 00:34:19] [%emt
00:01:36]} 27. Nc5 {[%clk 00:50:50] [%emt 00:00:59]} 27... Kg7 {[%clk 00:33:50]
[%emt 00:00:59]} 28. f3 {[%clk 00:49:19] [%emt 00:02:01]} 28... Red8 {[%clk
00:30:00] [%emt 00:04:20]} 29. Nb7 {[%clk 00:49:41] [%emt 00:00:08]} 29... Rb8
{[%clk 00:29:51] [%emt 00:00:39]} 30. Nc5 {[%clk 00:50:02] [%emt 00:00:09]}
30... Rbd8 {[%clk 00:22:21] [%emt 00:08:00]} 31. Nb7 {[%clk 00:50:24] [%emt
00:00:09]} 31... R8d7 {[%clk 00:22:37] [%emt 00:00:13]} 32. Rdd2 {[%clk
00:47:10] [%emt 00:03:45]} 32... Re7 {[%clk 00:19:13] [%emt 00:03:51]} 33. Kf2
{[%clk 00:47:00] [%emt 00:00:43]} 33... Rh5 {[%clk 00:18:52] [%emt 00:00:49]}
34. h4 {[%clk 00:46:15] [%emt 00:01:16]} 34... Rd5 {[%clk 00:18:59] [%emt
00:00:24]} 35. Nc5 {[%clk 00:46:12] [%emt 00:00:33]} 35... Re8 {[%clk 00:16:03]
[%emt 00:03:25]} 36. Rd1 {[%clk 00:46:13] [%emt 00:00:29]} 36... Red8 {[%clk
00:13:46] [%emt 00:02:46]} 37. Nb7 {[%clk 00:45:26] [%emt 00:01:19]} 37... Rb8
{[%clk 00:13:32] [%emt 00:00:45]} 38. Nc5 {[%clk 00:45:50] [%emt 00:00:06]}
38... f5 {[%clk 00:08:59] [%emt 00:05:01]} 39. Rdd2 {[%clk 00:45:34] [%emt
00:00:47]} 39... Kf6 {[%clk 00:08:17] [%emt 00:01:11]} 40. Rd1 {[%clk 01:13:28]
[%emt 00:02:36]} 40... Ke7 {[%clk 00:34:45] [%emt 00:04:03]} 41. Re2+ {[%clk
01:12:44] [%emt 00:01:13]} 41... Kd6 {[%clk 00:32:46] [%emt 00:02:29]} 42. g4
{[%clk 01:09:39] [%emt 00:03:35]} 42... Nd7 {[%clk 00:31:33] [%emt 00:01:44]}
43. Na4 {[%clk 01:08:42] [%emt 00:01:26]} 43... fxg4 {[%clk 00:25:54] [%emt
00:06:09]} 44. fxg4 {[%clk 01:09:06] [%emt 00:00:07]} 44... Rdb5 {[%clk
00:25:04] [%emt 00:01:18]} 45. Rdd2 {[%clk 01:08:15] [%emt 00:01:22]} 45... Nf6
{[%clk 00:21:54] [%emt 00:03:40]} 46. g5 {[%clk 01:06:50] [%emt 00:01:56]}
46... Rf5+ {[%clk 00:21:46] [%emt 00:00:37]} 47. Kg1 {[%clk 01:05:43] [%emt
00:01:38]} 47... Nd7 {[%clk 00:17:40] [%emt 00:04:35]} 48. Nc3 {[%clk 01:05:19]
[%emt 00:00:54]} 1/2-1/2

[Event "New Zealand Championship 2023"]
[Site "Wellington"]
[Date "2023.01.06"]
[Round "5.10"]
[White "Hague, Ben"]
[Black "Mao, Daqi"]
[Result "1-0"]
[WhiteElo "2494"]
[BlackElo "2085"]

1. d4 {[%clk 01:30:57] [%emt 00:00:02]} 1... d5 {[%clk 01:30:57] [%emt
00:00:03]} 2. Nf3 {[%clk 01:31:21] [%emt 00:00:08]} 2... Nf6 {[%clk 01:31:21]
[%emt 00:00:04]} 3. c4 {[%clk 01:31:47] [%emt 00:00:05]} 3... e6 {[%clk
01:31:47] [%emt 00:00:04]} 4. Nc3 {[%clk 01:32:09] [%emt 00:00:08]} 4... Bb4
{[%clk 01:31:47] [%emt 00:00:30]} 5. cxd5 {[%clk 01:32:02] [%emt 00:00:37]}
5... exd5 {[%clk 01:32:02] [%emt 00:00:14]} 6. Bg5 {[%clk 01:32:22] [%emt
00:00:10]} 6... h6 {[%clk 01:32:14] [%emt 00:00:18]} 7. Bxf6 {[%clk 01:32:36]
[%emt 00:00:16]} 7... Qxf6 {[%clk 01:32:37] [%emt 00:00:07]} 8. e3 {[%clk
01:32:35] [%emt 00:00:31]} 8... c6 {[%clk 01:32:14] [%emt 00:00:54]} 9. Be2
{[%clk 01:31:27] [%emt 00:01:37]} 9... O-O {[%clk 01:31:37] [%emt 00:01:06]}
10. O-O {[%clk 01:31:47] [%emt 00:00:10]} 10... Bd6 {[%clk 01:30:07] [%emt
00:02:00]} 11. a3 {[%clk 01:28:20] [%emt 00:03:59]} 11... a5 {[%clk 01:28:03]
[%emt 00:02:34]} 12. Qd2 {[%clk 01:25:19] [%emt 00:03:30]} 12... Bf5 {[%clk
01:26:34] [%emt 00:01:59]} 13. Rfc1 {[%clk 01:22:03] [%emt 00:03:47]} 13... Nd7
{[%clk 01:25:04] [%emt 00:01:59]} 14. Na4 {[%clk 01:20:10] [%emt 00:02:23]}
14... b5 {[%clk 01:23:05] [%emt 00:02:29]} 15. Nc3 {[%clk 01:19:00] [%emt
00:01:40]} 15... Nb6 {[%clk 01:20:21] [%emt 00:03:14]} 16. b3 {[%clk 01:17:41]
[%emt 00:01:49]} 16... Qe7 {[%clk 01:16:40] [%emt 00:04:11]} 17. a4 {[%clk
01:16:22] [%emt 00:01:50]} 17... Ba3 {[%clk 01:13:13] [%emt 00:03:57]} 18. Rd1
{[%clk 01:15:59] [%emt 00:00:53]} 18... bxa4 {[%clk 01:12:21] [%emt 00:01:22]}
19. Nxa4 {[%clk 01:15:45] [%emt 00:00:44]} 19... Nxa4 {[%clk 01:12:09] [%emt
00:00:43]} 20. bxa4 {[%clk 01:16:09] [%emt 00:00:06]} 20... Qb4 {[%clk
01:05:48] [%emt 00:06:50]} 21. Bd3 {[%clk 01:11:00] [%emt 00:05:39]} 21... Qxd2
{[%clk 01:05:28] [%emt 00:00:53]} 22. Rxd2 {[%clk 01:11:08] [%emt 00:00:18]}
22... Bxd3 {[%clk 01:05:48] [%emt 00:00:11]} 23. Rxa3 {[%clk 01:05:48] [%emt
00:05:51]} 23... Bc4 {[%clk 00:58:29] [%emt 00:07:48]} 24. Ne5 {[%clk 01:04:09]
[%emt 00:02:09]} 24... Rfb8 {[%clk 00:55:45] [%emt 00:03:14]} 25. Ra1 {[%clk
00:59:20] [%emt 00:05:19]} 25... Ra6 {[%clk 00:54:59] [%emt 00:01:16]} 26. Nd7
{[%clk 00:56:48] [%emt 00:03:02]} 26... Rb4 {[%clk 00:54:50] [%emt 00:00:39]}
27. h4 {[%clk 00:56:07] [%emt 00:01:11]} 27... f6 {[%clk 00:50:16] [%emt
00:05:04]} 28. Kh2 {[%clk 00:54:43] [%emt 00:01:53]} 28... Kf7 {[%clk 00:50:26]
[%emt 00:00:20]} 29. Kg3 {[%clk 00:54:57] [%emt 00:00:15]} 29... h5 {[%clk
00:50:00] [%emt 00:00:57]} 30. Kf4 {[%clk 00:53:49] [%emt 00:01:38]} 30... Ke7
{[%clk 00:50:07] [%emt 00:00:24]} 31. Nc5 {[%clk 00:54:10] [%emt 00:00:09]}
31... Rab6 {[%clk 00:50:26] [%emt 00:00:12]} 32. Rc2 {[%clk 00:44:38] [%emt
00:10:01]} 32... Rb2 {[%clk 00:46:54] [%emt 00:04:02]} 33. Rac1 {[%clk
00:42:15] [%emt 00:02:53]} 33... Rxc2 {[%clk 00:46:16] [%emt 00:01:09]} 34.
Rxc2 {[%clk 00:42:40] [%emt 00:00:05]} 34... Rb4 {[%clk 00:46:07] [%emt
00:00:40]} 35. g4 {[%clk 00:39:30] [%emt 00:03:39]} 35... hxg4 {[%clk 00:44:09]
[%emt 00:02:29]} 36. Kxg4 {[%clk 00:39:44] [%emt 00:00:15]} 36... Rb1 {[%clk
00:43:13] [%emt 00:01:26]} 37. Kg3 {[%clk 00:37:12] [%emt 00:03:02]} 37... Kf7
{[%clk 00:40:10] [%emt 00:03:34]} 38. f3 {[%clk 00:32:34] [%emt 00:05:08]}
38... Rb4 {[%clk 00:34:20] [%emt 00:06:19]} 39. Kf4 {[%clk 00:31:11] [%emt
00:01:53]} 39... Ke7 {[%clk 00:27:13] [%emt 00:07:38]} 40. h5 {[%clk 00:59:18]
[%emt 00:02:23]} 40... Rb8 {[%clk 00:54:59] [%emt 00:02:33]} 41. Rh2 {[%clk
00:58:30] [%emt 00:01:28]} 41... Rh8 {[%clk 00:53:31] [%emt 00:01:59]} 42. Rb2
{[%clk 00:57:51] [%emt 00:01:09]} 42... Rxh5 {[%clk 00:52:42] [%emt 00:01:19]}
43. Rb7+ {[%clk 00:58:11] [%emt 00:00:10]} 43... Kf8 {[%clk 00:52:27] [%emt
00:00:45]} 44. Ne6+ {[%clk 00:57:28] [%emt 00:01:14]} 44... Kg8 {[%clk
00:52:47] [%emt 00:00:10]} 45. Rxg7+ {[%clk 00:57:45] [%emt 00:00:13]} 45...
Kh8 {[%clk 00:53:09] [%emt 00:00:08]} 46. Ra7 {[%clk 00:57:16] [%emt 00:00:58]}
46... Bd3 {[%clk 00:50:33] [%emt 00:03:07]} 47. Rxa5 {[%clk 00:56:40] [%emt
00:01:08]} 47... Rh4+ {[%clk 00:50:09] [%emt 00:00:52]} 48. Kg3 {[%clk
00:56:57] [%emt 00:00:13]} 48... Rh1 {[%clk 00:50:14] [%emt 00:00:26]} 49. Nf4
{[%clk 00:53:34] [%emt 00:03:53]} 49... Bc2 {[%clk 00:48:45] [%emt 00:01:58]}
50. Ra6 {[%clk 00:52:31] [%emt 00:01:33]} 50... Rg1+ {[%clk 00:48:26] [%emt
00:00:49]} 51. Kf2 {[%clk 00:52:33] [%emt 00:00:28]} 51... Ra1 {[%clk 00:48:31]
[%emt 00:00:26]} 52. Rxc6 {[%clk 00:52:23] [%emt 00:00:40]} 52... Bxa4 {[%clk
00:48:52] [%emt 00:00:13]} 53. Rxf6 {[%clk 00:52:42] [%emt 00:00:07]} 53... Bb3
{[%clk 00:48:57] [%emt 00:00:26]} 54. Rd6 {[%clk 00:52:12] [%emt 00:01:00]}
54... Ra5 {[%clk 00:49:06] [%emt 00:00:20]} 55. Kg3 {[%clk 00:51:41] [%emt
00:01:00]} 55... Kg7 {[%clk 00:48:15] [%emt 00:01:22]} 56. Kg4 {[%clk 00:51:51]
[%emt 00:00:19]} 56... Kf7 {[%clk 00:48:06] [%emt 00:00:41]} 57. Kf5 {[%clk
00:50:53] [%emt 00:01:28]} 57... Bc4 {[%clk 00:47:09] [%emt 00:01:27]} 58. Rf6+
{[%clk 00:45:57] [%emt 00:05:26]} 58... Ke8 {[%clk 00:46:44] [%emt 00:00:43]}
59. Ke5 {[%clk 00:43:55] [%emt 00:02:43]} 59... Ke7 {[%clk 00:46:40] [%emt
00:00:35]} 60. Rb6 {[%clk 00:42:27] [%emt 00:01:57]} 60... Ra3 {[%clk 00:46:26]
[%emt 00:00:45]} 61. Rb7+ {[%clk 00:42:14] [%emt 00:00:41]} 61... Kd8 {[%clk
00:46:02] [%emt 00:00:53]} 62. Nxd5 {[%clk 00:40:24] [%emt 00:02:21]} 62...
Bxd5 {[%clk 00:46:00] [%emt 00:00:32]} 63. Kxd5 {[%clk 00:40:46] [%emt
00:00:08]} 63... Rxe3 {[%clk 00:46:26] [%emt 00:00:04]} 64. f4 {[%clk 00:40:45]
[%emt 00:00:31]} 64... Rf3 {[%clk 00:46:27] [%emt 00:00:28]} 65. Ke5 {[%clk
00:40:59] [%emt 00:00:15]} 65... Re3+ {[%clk 00:46:20] [%emt 00:00:39]} 66. Kd6
{[%clk 00:41:22] [%emt 00:00:07]} 66... Kc8 {[%clk 00:46:24] [%emt 00:00:27]}
67. Rf7 {[%clk 00:41:41] [%emt 00:00:10]} 67... Ra3 {[%clk 00:46:18] [%emt
00:00:37]} 68. Rf8+ {[%clk 00:40:41] [%emt 00:01:30]} 68... Kb7 {[%clk
00:46:40] [%emt 00:00:08]} 69. d5 {[%clk 00:40:58] [%emt 00:00:13]} 69... Rd3
{[%clk 00:46:53] [%emt 00:00:17]} 70. f5 {[%clk 00:41:09] [%emt 00:00:19]} 1-0